1668 1847 1155 1047 1787 1876 1976 1134 1431 1309 1544 1929 1146 1492 1231 1063 1296 1730 1011 1002 1310 1283 1998 1990 1593 1127 1756 1131 1994 1361 1095 1123 1334 1844 1631 1145 1726 1227 1847 1151 1516 1575 1335 1175 1331 1553 1961 1819 1529 1641 1510 1102 1215 1959 1547 1500 1388 1335 1783 1051 1046 1541 1281 1301 1023 1971 1729 1769 1402 1005 1838 1011 1581 1950 1858 1477 1606 1911 1377 1697 1154 1934 1740 1828 1430 1090 1338 1494 1449 1281 1444 1210 1776 1937 1333 1552 1301 1371 1188 BCNSPRNW ULIB Ver.6.0+V

เปลี่ยนเป็นภาษาไทย

Change to English
 แสดงรายละเอียดบรรณานุกรม
  กลับหน้าหลัก

Brief Record : Get Marc (ISO 2709) : E-mail record : QR code < ปิดหน้าต่าง
LEADER : 00000nam 2200000uu 4500
001    13399114224
003     ULIB
008    120305s2554||||th 000 0 tha d
020    ^a9789741114306 (ล.1)
060 04 ^aWP100^bน263 ล1
100 0  ^aวีรศักดิ์ วงศ์ถิรพร
245 00 ^aนรีเวชวิทยา เล่ม1/^cบรรณาธิการ, วีรศักดิ์ วงศ์ถิรพร ...
246 14 ^aตำรานรีเวชวิทยา
250    ^aฉบับเรียบเรียงครั้งที่ 3 พิมพ์ครั้งที่ 1
260    ^aกรุงเทพฯ :^bภาควิชาสูติศาสตร์-นรีเวชวิทยาู^c2554
300    ^a2 เล่ม :^bภาพประกอบ ;^c31 ชม.
650  7 ^aนรีเวชวิทยา
650  7 ^aอวัยวะสืบพันธุ์หญิง, โรค
653    ^aผลงานอาจารย์คณะแพทยศาสตร์ศิริราชพยาบาล
700 0  ^aวีรศักดิ์ วงศ์ถิรพร,^eบรรณาธิการ
710 2  ^aมหาวิทยาลัยมหิดล. ^bคณะแพทยศาสตร์ศิริราชพยาบาล.
945    ^p400^l0^i18886
945    ^p400^l0^i18887
995    ^aกัณชพร
999 ^a ใช้งานได้ทุกระบบ
รายการนี้ยังไม่มีแท็ก
คุณยังไม่ได้ล็อกอิน คุณสามารถมีกิจกรรมร่วมกับเว็บไซต์ได้ แต่ต้องล็อกอินก่อน ::
  ล็อกอิน

รายการสื่อสารสนเทศ

ลำดับที่ ประเภท เลขเรียก/บาร์โค้ด สถานที่ สถานะ
1. วิทยาศาสตร์การแพทย์ และสุขภาพ
วิทยาศาสตร์การแพทย์ และสุขภาพ
สถานะ=หนังสือเก่า
WP100 น263 ล1  
  Barcode: 18886
ห้องสมุดวิทยาเขตนครสวรรค์
►ส่วนจัดเก็บหนังสือเก่า นว.
บนชั้น
  ขอยืม
2. วิทยาศาสตร์การแพทย์ และสุขภาพ
วิทยาศาสตร์การแพทย์ และสุขภาพ
สถานะ=หนังสือเก่า
WP100 น263 ล1 ฉ.2 
  Barcode: 18887
ห้องสมุดวิทยาเขตนครสวรรค์
►ส่วนจัดเก็บหนังสือเก่า นว.
บนชั้น
  ขอยืม

รายการใกล้เคียง
    ผู้แต่ง [วีรศักดิ์ วงศ์ถิรพร]

    หัวเรื่อง [นรีเวชวิทยา]
    หัวเรื่อง [อวัยวะสืบพันธุ์หญิง, โรค]

BibComment


ยังไม่เคยถูกคอมเมนท์

คอมเมนท์ทรัพยากรรายการนี้
  คอมเมนท์: นรีเวชวิทยา เล่ม..


 Copyright 2026. Bcnsprnw @Library